书目信息 |
| 题名: |
对外汉语教学探新
|
|
| 作者: | 高顺全 著 | |
| 分册: | ||
| 出版信息: | 北京 北京大学出版社 2005.3 |
|
| 页数: | 254页 | |
| 开本: | 21cm | |
| 丛书名: | 复旦大学国际文化交流学院学术书系 | |
| 单 册: | ||
| 中图分类: | H195 | |
| 科图分类: | ||
| 主题词: | 对外汉语教学--dui wai han yu jiao xue , 教学研究--jiao xue yan jiu , 对外汉语教学--dui wai han yu jiao xue--教学研究 | |
| 电子资源: | ||
| ISBN: | 7-301-08428-5 | |
| 000 | 01358nam0 2200349 450 | |
| 000 | 01387nam0 2200349 450 | |
| 000 | 01350nam0 2200337 450 | |
| 000 | 01333nam0 2200337 450 | |
| 000 | 01296nam 2200325 450 | |
| 001 | CAL 012006085087 | |
| 005 | 20061031093942.23 | |
| 010 | @a7-301-08428-5@dCNY14.00 | |
| 099 | @aCAL 012006085087 | |
| 100 | @a20060830d2005 em y0chiy0120 ea | |
| 101 | 0 | @achi |
| 102 | @aCN@b110000 | |
| 105 | @ay a 000yy | |
| 200 | 1 | @a对外汉语教学探新@Adui wai han yu jiao xue tan xin@d= A study of teaching Chinese as a second language@f高顺全著@zeng |
| 210 | @a北京@c北京大学出版社@d2005.3 | |
| 215 | @a254页@d21cm | |
| 225 | 2 | @a复旦大学国际文化交流学院学术书系@Afu dan da xue guo ji wen hua jiao liu xue yuan xue shu shu xi |
| 320 | @a有书目 (第234-248页) | |
| 330 | @a本书包括: 语法理论与对外汉语教学语法; 语法化现象与对外汉语语法教学; 对外汉语教学中的书面语教学问题; 任务型教学法与对外汉语课堂教学等内容。 | |
| 410 | 0 | @12001 @a复旦大学国际文化交流学院学术书系 |
| 510 | 1 | @aA study of teaching Chinese as a second language@zeng |
| 606 | 0 | @a对外汉语教学@Adui wai han yu jiao xue |
| 606 | 0 | @a教学研究@Ajiao xue yan jiu |
| 606 | 0 | @a对外汉语教学@Adui wai han yu jiao xue@x教学研究 |
| 690 | @aH195@v4 | |
| 701 | 0 | @a高顺全@Agao shun quan@4著 |
| 801 | 0 | @aCN@c20061031 |
| 905 | @a10447@dH195@eG170 | |
| 对外汉语教学探新= A study of teaching Chinese as a second language/高顺全著.-北京:北京大学出版社,2005.3 |
| 254页;21cm.-(复旦大学国际文化交流学院学术书系) |
| ISBN 7-301-08428-5:CNY14.00 |
| 本书包括: 语法理论与对外汉语教学语法; 语法化现象与对外汉语语法教学; 对外汉语教学中的书面语教学问题; 任务型教学法与对外汉语课堂教学等内容。 |
| ● |
| 相关链接 |
|
|
|
正题名:对外汉语教学探新
索取号:H195/G170
 
预约/预借
| 序号 | 登录号 | 条形码 | 馆藏地/架位号 | 状态 | 备注 |
| 1 | 630868 | 206308681 | 语言库209/209语言库 78排2列5层/ [索取号:H195/G170] | 在馆 | |
| 2 | 630869 | 206308690 | 语言库209/209语言库 78排2列5层/ [索取号:H195/G170] | 在馆 | |
| 3 | 630870 | 206308707 | 语言库209/209语言库 78排2列5层/ [索取号:H195/G170] | 在馆 |